| 000 | 00869nam a22002177a 4500 | ||
|---|---|---|---|
| 005 | 20180703160614.0 | ||
| 010 | _a1718EN-30 ENG-121852 B-688154-168 | ||
| 020 |
_c175.00 _a9788126049981 |
||
| 035 | _aEN-105384 | ||
| 035 | _aB-688154-168 | ||
| 037 |
_bSahitya Akadmi _adpl |
||
| 082 | _aS | ||
| 100 | _aVaidehi | ||
| 245 |
_aAn afternoon with Shakuntala and other stories / _cby Vaidehi ; translated by Sukanya Kanarally |
||
| 260 |
_aNew Delhi _bSahitya Academi _c2016 |
||
| 270 |
_bNew Delhi _aRabindra Bhawan, 35, Fiiroz Shah Marg _e110001 |
||
| 300 |
_a228p. _c21cm(pbk) |
||
| 700 | _aKanarally, Sukanya | ||
| 942 |
_2ddc _cEN _mVAI _hS |
||
| 999 |
_c146204 _d146204 |
||